Thiết bị trao đổi nhiệt

Sách giới thiệu các thiết bị trao đổi nhiệt thường gặp trong thiết bị lạnh như bình ngưng tụ, bình bay hơi; trong thiết bị điều hòa nhiệt độ như tháp làm lạnh không khí bằng phun nước lạnh; trong thiết bị sấy như calorife hơi nước; trong th...

Volledige beschrijving

Bewaard in:
Bibliografische gegevens
Hoofdauteur: Bùi, Hải
Formaat: Boek
Taal:Undetermined
Gepubliceerd in: Hà Nội Khoa học và Kỹ thuật 1999
Onderwerpen:
Tags: Voeg label toe
Geen labels, Wees de eerste die dit record labelt!
Thư viện lưu trữ: Trung tâm Học liệu Trường Đại học Cần Thơ
LEADER 01515nam a2200205Ia 4500
001 CTU_28717
008 210402s9999 xx 000 0 und d
020 |c 44000 
082 |a 621.4022 
082 |b H103 
100 |a Bùi, Hải 
245 0 |a Thiết bị trao đổi nhiệt 
245 0 |c Bùi Hải, Dương Đức Hồng, Hà Mạnh Thư 
260 |a Hà Nội 
260 |b Khoa học và Kỹ thuật 
260 |c 1999 
520 |a Sách giới thiệu các thiết bị trao đổi nhiệt thường gặp trong thiết bị lạnh như bình ngưng tụ, bình bay hơi; trong thiết bị điều hòa nhiệt độ như tháp làm lạnh không khí bằng phun nước lạnh; trong thiết bị sấy như calorife hơi nước; trong thiết bị nhiệt độ cao của lò công nghiệp; trong thiết bị hóa chất như nồi cô đặc, nồi chưng cất... Ngoài ra, sách còn giới thiệu một số thiết bị trao đổi nhiệt kiểu mới như thiết bị ống nhiệt, nêu phương pháp tính toán cụ thể cho từng trường hợp, phương pháp tính toán sức bền và nêu những điều kiện vận hành an toàn thiết bị trao đổi nhiệt 
650 |a Heat engineering,Heat exchangers 
904 |i Minh, Hải 
980 |a Trung tâm Học liệu Trường Đại học Cần Thơ